Normal view
MARC view
- Wichern, Dean W.
Entry Personal Name
001 - CONTROL NUMBER
- control field: 11033
003 - CONTROL NUMBER IDENTIFIER
- control field: NUST
005 - DATE AND TIME OF LATEST TRANSACTION
- control field: 20180606035726.0
008 - FIXED-LENGTH DATA ELEMENTS
- fixed length control field: 180606|| aca||aabn | a|a d
040 ## - CATALOGING SOURCE
- Original cataloging agency: NUST
- Transcribing agency: NUST
100 ## - HEADING--PERSONAL NAME
- Personal name: Wichern, Dean W.
670 ## - SOURCE DATA FOUND
- Source citation: Work cat.: (NUST)0: Richard A. Johnson, (Richard Arnold), 1937- 11032, Applied multivariate Statistical Analysis , c2007.
